Statistiques concernant 5 Plus Grandes Villes par Collectivités et Régions d'Outre Mer

Cliquez ici pour prendre le quiz!

Statistiques générales

  • Ce quiz a été pris 45 fois
  • Le résultat moyen est 18 sur 40

Statistiques - réponses

Collectivité / RégionVille
Population
(en milliers)
% Correct
1 RéunionSaint Denis142
97%
1 MayotteMamoudzou71
94%
1 GuyaneCayenne63
91%
1 MartiniqueFort de France78
91%
2 RéunionSaint Paul103
91%
1 Nouvelle CalédonieNouméa94
88%
3 Polynésie FrançaisePapeete26
88%
1 Saint Pierre et MiquelonSaint Pierre5
88%
3 RéunionSaint Pierre84
88%
1 Guadeloupe
Les Abymes53
73%
4 RéunionLe Tampon79
73%
2 GuyaneSaint Laurent su Maroni45
70%
5 GuyaneKourou24
67%
2 MartiniqueLe Lamentin40
55%
2 Saint Pierre et MiquelonMiquelon Langlade0,585
48%
5 RéunionSaint André56
48%
1 Polynésie Française
Faaa29
39%
3 MayotteDzaoudzi17
36%
1 Saint MartinMarigot5
33%
1 Saint BarthélémyGustavia9
30%
3 MartiniqueLe Robert22
30%
5 GuadeloupeSainte Anne23
30%
2 Nouvelle CalédonieDumbéa35
27%
1 Wallis et FutunaMata Utu1
27%
2 GuadeloupeBaie Mahault31
24%
2 MayotteKoungou32
24%
3 GuadeloupeLe Gosier26
21%
3 GuyaneMatoury32
21%
4 GuadeloupePetit Bourg24
21%
3 Nouvelle CalédonieLe Mont Dore27
18%
4 Nouvelle CalédoniePaïta24
18%
4 GuyaneRemire Montjoly26
18%
4 MartiniqueSchoelcher19
18%
5 MartiniqueDucos17
15%
4 Polynésie FrançaiseMoorea Maiao17
15%
5 Nouvelle CalédonieLifou9
12%
2 Polynésie FrançaisePunaauia28
12%
5 MayotteBandraboua13
6%
4 MayotteDembeni15
6%
5 Polynésie FrançaiseMahina14
6%

Distribution des résultats

Percentile par nombre de réponses

% des personnes avec chaque résultat

Votre développement - résultats

Vous n’avez pas pris ce quiz